Giáo trình xác suất và thống kê : (Dùng cho sinh viên các ngành Sinh học, Nông - lâm - ngư nghiệp, Kinh tế và Quản lý kinh tế, Tâm lý - Giáo dục học)

Trình bày các khái niệm xác suất, giải tích tổ hợp, biến ngẫu nhiên, hàm phân phối, mẫu ngẫu nhiên, hàm phân phối mẫu, các số đặc trưng mẫu, lí thuyết ước lượng, lí thuyết kiểm định giả thiết, hồi qui và tương quan kèm theo bài tậ...

Description complète

Enregistré dans:
Détails bibliographiques
Auteur principal: Phạm, Văn Kiều
Format: Livre
Langue:Undetermined
Publié: Hà Nội Giáo dục Việt Nam 2012
Sujets:
Tags: Ajouter un tag
Pas de tags, Soyez le premier à ajouter un tag!
Thư viện lưu trữ: Trung tâm Học liệu Trường Đại học Cần Thơ
LEADER 01178nam a2200217Ia 4500
001 CTU_207356
008 210402s9999 xx 000 0 und d
020 |c 42000 
082 |a 519.2 
082 |b K309 
100 |a Phạm, Văn Kiều 
245 0 |a Giáo trình xác suất và thống kê : 
245 0 |b (Dùng cho sinh viên các ngành Sinh học, Nông - lâm - ngư nghiệp, Kinh tế và Quản lý kinh tế, Tâm lý - Giáo dục học) 
245 0 |c Phạm Văn Kiều 
260 |a Hà Nội 
260 |b Giáo dục Việt Nam 
260 |c 2012 
520 |a Trình bày các khái niệm xác suất, giải tích tổ hợp, biến ngẫu nhiên, hàm phân phối, mẫu ngẫu nhiên, hàm phân phối mẫu, các số đặc trưng mẫu, lí thuyết ước lượng, lí thuyết kiểm định giả thiết, hồi qui và tương quan kèm theo bài tập, lời giải 
650 |a Mathematical statistics,Probabilities,Xác suất thống kê 
904 |i Nguyên 
980 |a Trung tâm Học liệu Trường Đại học Cần Thơ